000 00460nam a2200181Ia 4500
008 230711s9999||||xx |||||||||||||| ||und||
020 _a978-81-203-0986-9
041 _aENG
082 _a621.395
_bPU-B
100 _aPucknell,Douglas A
245 0 _aBasic VLSI Design
250 _a3rd Ed.
260 _c1994
_aNew Delhi
_bPHI Learning Private Limited
300 _a459p.
650 _aElectronics Engineering
700 _aEshraghian,Kamran
942 _cBK
999 _c6617
_d6617